| 000 | 01131nam0a2200253 4500 | ||
|---|---|---|---|
| 001 | RU\NLR\bibl\1838568 | ||
| 005 | 20250616171259.0 | ||
| 021 |
_aRU _b2011-86508 _96175 |
||
| 035 | _a(NLR Aleph) 001829039 | ||
| 090 |
_a2112096 _c2112096 |
||
| 100 | _a20111124d2011 |||y0rusy50 ca | ||
| 101 | 0 | _arus | |
| 102 | _aRU | ||
| 105 | _ay ||||||||| | ||
| 200 | 1 | _aМежсимвольные искажения сигналов и их компенсация в каналах с ограниченной полосой. Лабораторная работа N 2. Методическое особие по курсам "Основы построения радиосистем" и "Радиосистемы передачи информации" для студентов | |
| 210 |
_aМосква _cМЭИ _d2011 |
||
| 215 |
_a32 с. _d21 |
||
| 700 | 1 |
_aКогновицкий _bЛ. В. _4070 |
|
| 701 | 1 |
_aСизякова _4070 |
|
| 801 | 0 |
_aRU _bNLR _c20111124 _gRCR |
|
| 801 | 1 |
_aRU _bNLR _c20111124 |
|
| 942 | _cBOOK | ||
| 980 | _aNB | ||